Sborník textů k ověřování zvláštní způsobilosti k některým činnostem ve výstavbě Druhá etapa

Saved in:
Bibliographic Details
Main Author: Hegenbart, Miroslav
Format: Book
Language:Czech
Published: Praha Státní komise pro vědeckotechnický a investičný rozvoj 1987
Edition:1. vyd.
Series:Příručka investiční výstavby
Tags: Add Tag
No Tags, Be the first to tag this record!

MARC

LEADER 00000nam a2200000 4500
001 c034678
005 20250916070020.2
041 0 |a cze 
044 |a CZ 
245 1 0 |a Sborník textů k ověřování zvláštní způsobilosti k některým činnostem ve výstavbě  |b Druhá etapa  |c Miroslav Hegenbart 
250 |a 1. vyd. 
264 1 |a Praha  |b Státní komise pro vědeckotechnický a investičný rozvoj  |c 1987 
300 |a 431 s. 
490 1 |a Příručka investiční výstavby 
830 0 |a Příručka investiční výstavby 
100 1 |a Hegenbart, Miroslav